Izmir - Choix Multiples - Statistiques

Statistiques générales
  • Ce quiz a été pris 1 540 fois
  • Le résultat moyen est 6 sur 10
Statistiques - réponses
Question Réponse % Correct
La tête de quelle personnalité nationale importante a été sculptée à même la roche dans le district de Buca ? Mustafa Kemal Atatürk
79%
Duquel de ces empires Izmir n'a jamais fait partie ? Empire britannique
76%
Quelle mer borde la ville ? Mer Égée
69%
Quel nom antique, encore parfois utilisé en français, portait la ville ? Smyrne
68%
Quel événement a en grande partie détruit la ville en 1922 ? Un incendie
66%
Laquelle de ces images n'a PAS été prise à Izmir ?
58%
Quel poète serait né à Izmir au VIIIe siècle av. J.-C. ? Homère
58%
Lequel de ces quartiers liés à une communauté n'a jamais existé à Izmir ? Égyptien
55%
Lequel de ces superlatifs est couramment utilisé pour parler de la ville ? La plus libérale de Turquie
45%
Qu'est-ce que le Kordon à Izmir ? Une longue promenade en bord de mer
41%
Aucun quiz correspondant
Distribution des résultats
% des personnes avec chaque résultat
Percentile par nombre de réponses
Votre historique - résultats
Vous n’avez pas pris ce quiz